África : (Record no. 182602)

MARC details
000 -LEADER
campo de control de longitud fija 00845nam a2200217 i 4500
001 - NÚMERO DE CONTROL
campo de control 182602
003 - IDENTIFICADOR DE NÚMERO DE CONTROL
campo de control ES-MaACL
005 - FECHA Y HORA DE LA ÚLTIMA TRANSACCIÓN
campo de control 20251115063321.0
008 - DATOS DE LONGITUD FIJA--INFORMACIÓN GENERAL
campo de control de longitud fija 131001s1871 sp a |||| | spa d
080 ## - NÚMERO DE LA CLASIFICACIÓN DECIMAL UNIVERSAL
Número de la Clasificación Decimal Universal 908(671.8 Fernando Poo)
100 1# - ENTRADA PRINCIPAL--NOMBRE DE PERSONA
Nombre de persona San Javier, José Muñoz y Gaviria,
Títulos y otros términos asociados al nombre Vizconde de,
Fechas asociadas al nombre n. 1831
9 (RLIN) 153514
245 10 - MENCIÓN DEL TÍTULO
Título África :
Resto del título islas de Fernando Póo, Corisco y Annobón /
Mención de responsabilidad, etc. por José Muñoz y Gaviria, vizconde de San Javier.
260 ## - PUBLICACIÓN, DISTRIBUCIÓN, ETC.
Lugar de publicación, distribución, etc. Madrid :
Nombre del editor, distribuidor, etc. Rubio, Grilo y Vitturi,
Fecha de publicación, distribución, etc. 1871.
300 ## - DESCRIPCIÓN FÍSICA
Extensión 16 p., [1] h. de lám. ;
Dimensiones 32 cm.
490 1# - MENCIÓN DE SERIE
Mención de serie Crónica general de España
651 #4 - PUNTO DE ACCESO ADICIONAL DE MATERIA--NOMBRE GEOGRÁFICO
Nombre geográfico Fernando Poo-
Subdivisión general Historia.
9 (RLIN) 137231
651 ## - PUNTO DE ACCESO ADICIONAL DE MATERIA--NOMBRE GEOGRÁFICO
Nombre geográfico Fernando Poo-
Subdivisión general Descripción.
9 (RLIN) 8652
830 0# - PUNTO DE ACCESO ADICIONAL DE SERIE-TÍTULO UNIFORME
Título uniforme Crónica general de España
9 (RLIN) 181791
852 ## - LOCALIZACIÓN
Ubicación ES-MaACL
Número de control de estantería C-1578(5)
Nota libre .- Encuadernado con otras obras
Holdings
Estatus retirado Estado de pérdida Estado de daño No para préstamo Colección Biblioteca de origen Biblioteca actual Ubicación en estantería Fecha de adquisición Fuente de adquisición Total de préstamos Signatura topográfica completa Código de barras Visto por última vez Precio de reemplazo Tipo de ítem Koha
        Libros del s. XIX Biblioteca del Ateneo de Madrid Biblioteca del Ateneo de Madrid Sala Palomar 02/10/2013     C-1578(5) 1191900 23/02/2023 23/02/2023 Libro impreso antiguo